| 000 | 00635nam a22002057a 4500 | ||
|---|---|---|---|
| 005 | 20131009160623.0 | ||
| 010 | _aENG-107660 | ||
| 020 |
_a9781259098307 _c625.00 |
||
| 020 |
_a1259098303 _c625.00 |
||
| 035 | _aEN-91193 | ||
| 037 | _bDBAD/PUB | ||
| 082 | _a005.7565 | ||
| 100 | _aMclaughlin, Michael | ||
| 245 |
_aMySQL worlbench : _cby Michael Mclaughlin _bdata modeling and developing / |
||
| 260 |
_bTata McGraw Hill _c2013 _aNew Delhi |
||
| 270 |
_aP-24, Green Park Extnsion _bNew Delhi _e110016 |
||
| 300 |
_axvii, 456p. : _c24cm(pbk) _bill. |
||
| 500 | _aIncludes index. | ||
| 942 |
_2ddc _cEN _mMCL _h005.7565 |
||
| 999 |
_c76951 _d76951 |
||